Statistics for Summer Olympics: Countries by most medals won

Click here to take the quiz!

General Stats

  • This quiz has been taken 78 times
  • The average score is 41 of 50

Answer Stats

RankTotal MedalsCountry% Correct
21865Russia
100%
12520United States
99%
7543China
96%
3769Argentina
95%
14301Canada
95%
5713France
95%
31681Germany
95%
11439Japan
95%
4067Mexico
95%
8497Australia
93%
26128Brazil
93%
6577Italy
93%
25148Spain
93%
13303Finland
92%
15285Netherlands
92%
23152Norway
92%
16282Poland
92%
9494Sweden
92%
24148Belgium
91%
17264South Korea
91%
29117New Zealand
89%
28117Greece
86%
27124Ukraine
86%
3486South Africa
85%
21194Denmark
84%
3293Turkey
84%
3387Austria
82%
19214Bulgaria
82%
12306Romania
82%
22193Switzerland
82%
3678Jamaica
81%
20197Czech Republic
80%
31100Kenya
80%
10491Hungary
78%
4253Ethiopia
76%
3968Iran
76%
18220Cuba
74%
4533Croatia
73%
4847Great Britain
73%
30110Serbia
73%
4832Ireland
72%
3585Belarus
69%
4931Thailand
69%
4154North Korea
66%
5030Indonesia
65%
3869Kazakhstan
62%
4434Estonia
58%
4732Georgia
51%
4633Uzbekistan
51%
4344Azerbaijan
43%

Score Distribution

Percentile by Number Answered

Percent of People with Each Score

Your Score History

You have not taken this quiz